Prolusione al Corso teorico-pratico di agraria inaugurato presso l'orfanotrofio femminile per cura del Comitato promotore dell'istruzione agricola della donna, Milano, 8 Dicembre 1902

Guardado en:
Detalles Bibliográficos
Autor principal: Josz, Aurelia.
Formato: Libro
Lenguaje:italiano
Publicado: Milano Casa Edit. Ditta Giacomo Agnelli 1903
Catálogo:EDISCO:  Resultados de Búsqueda del Catálogo
Clasificación de libros de texto:
Etiquetas: Agregar Etiqueta
Sin Etiquetas, Sea el primero en etiquetar este registro!
Añadido a:2016-04-30
Cambiado en:2017-10-04

MARC

LEADER 00000aam a22000005 4500
001 17632
003 OSt
005 20171004090055.0
008 160501s1903 it 000 0 ita
040 |c Paola Zonca - Torino - SBN 
041 1 |a ita 
100 1 |a Josz, Aurelia. 
245 0 0 |a Prolusione al Corso teorico-pratico di agraria inaugurato presso l'orfanotrofio femminile per cura del Comitato promotore dell'istruzione agricola della donna, Milano, 8 Dicembre 1902 
260 |a Milano  |b Casa Edit. Ditta Giacomo Agnelli  |c 1903 
300 |a p. 19, 1/x ;   |c in 8° 
901 |a 5 
942 |2 ddc  |c BK 
546 |a ita 
999 |c 17621  |d 17621 
999 |c edisco:17621  |d 17621